Welcome to the Holygrace Academy Library

Please use search bar below to get started

THE POLITICS OF RACISM IN FRANCE (Record no. 1556)

MARC details
000 -LEADER
fixed length control field 00462nam a22001697a 4500
020 ## - INTERNATIONAL STANDARD BOOK NUMBER
ISBN 1-4039-0515-0
082 ## - DEWEY DECIMAL CLASSIFICATION NUMBER
Classification number 320
Item number FYS/P
100 ## - MAIN ENTRY--AUTHOR NAME
Personal name FYSH, PETER
100 ## - MAIN ENTRY--AUTHOR NAME
Personal name WOLFREYS, JIM
245 ## - TITLE STATEMENT
Title THE POLITICS OF RACISM IN FRANCE
Remainder of title SOCIAL SCIENCE
246 ## - VARYING FORM OF TITLE
Title proper/short title THE POLITICS OF RACISM IN FRANCE
Remainder of title SOCIAL SCIENCE
260 ## - PUBLICATION, DISTRIBUTION, ETC. (IMPRINT)
Place of publication NEW YORK
Name of publisher PALGRACE, MACMILLAN HOUNDMILLS
Year of publication 2003
300 ## - PHYSICAL DESCRIPTION
Number of Pages 269
520 ## - SUMMARY, ETC.
Summary, etc SOCIAL SCIENCE
650 ## - SUBJECT ADDED ENTRY--TOPICAL TERM
Topical Term SOCIAL SCIENCE
942 ## - ADDED ENTRY ELEMENTS (KOHA)
Koha item type Books
Holdings
Withdrawn status Lost status Collection code Home library Current library Shelving location Date acquired Source of acquisition Full call number Accession Number Koha item type
    Reference Main Library Main Library SHELF-5 G REFERENCE SOCIAL SCIENCE 24/10/2006 Purchase 320 FYS/P 04187 Books